Missing Word: Disney Sidekick Songs Quiz Stats

 Plays Quiz Updated May 23, 2018

Score 0/16 Timer 02:00
0 Plays Today
Song Missing Word % Correct
When You _____ Upon a StarWish
96.9%
The _____ NecessitiesBare
95.3%
Bibbidi-Bobbidi-_____Boo
93.6%
Under the _____Sea
91.6%
Be Our _____ Guest
91%
_____ MatataHakuna
86.7%
_____ LateI'm
78.7%
_____ Like MeFriend
77.2%
Song Missing Word % Correct
In _____Summer
62.1%
One _____ HopeLast
61.4%
_____-HoHeigh
60.3%
You're _____Welcome
53.8%
Thomas O'Malley _____Cat
48.2%
Gonna _____ You ThereTake
38%
Trashin' the _____ Camp
37.9%
A _____ Like YouGuy
32.7%

Today's Daily Dose

You're not logged in!

Compare scores with friends on all Sporcle quizzes.
OR
Log In

Sporcle TV

Today on Sporcle TV


Watch our educational content, quiz creation guides, and fun videos on Sporcle TV.

Show Comments

Extras

Top Quizzes Today


Score Distribution

Your Account Isn't Verified!

In order to create a playlist on Sporcle, you need to verify the email address you used during registration. Go to your Sporcle Settings to finish the process.

Report this User

Report this user for behavior that violates our Community Guidelines.

Details: